| 000 | 01048cam a22002654a 4500 | ||
|---|---|---|---|
| 005 | 20260322212023.0 | ||
| 008 | data | ||
| 010 | _a 2011032684 | ||
| 020 | _a9781609412425 | ||
| 040 |
_aDLC _cDLC _dDLC |
||
| 042 | _apcc | ||
| 050 | 0 | 0 |
_aTX837 _b.M23665 2012 |
| 082 | 0 | 0 |
_a641.5/636 _223 |
| 092 | _a641 M23665 2012 | ||
| 100 | 1 |
_aMartin, Roberto. _d1973- |
|
| 245 | 1 | 0 |
_aVegan cooking for carnivores : _bover 125 recipes so tasty you won't miss the meat / _cRoberto Martin. |
| 250 | _a1st ed. | ||
| 260 |
_aNew York : _bGrand Central Life & Style, _c2012. |
||
| 300 |
_aix, 229 p. : _bcol. ill. ; _c25 cm. |
||
| 650 | 0 | _aVegan cooking. | |
| 906 |
_a7 _bcbc _corignew _d1 _eecip _f20 _gy-gencatlg |
||
| 925 | 0 |
_aacquire _b2 shelf copies _xpolicy default |
|
| 955 |
_wrd14 2011-09-01 _fre13 2012-06-29 Copy 1 Barcode 00288282274 to BCCD _etc12 2012-07-27 bib. update _trl02 2013-08-12 copy 2 to CALM; discard copy 3 |
||
| 001 | data | ||
| 999 |
_c509 _d509 |
||